000 00750nam a2200217 i 4500
001 70543
003 ES-MaACL
005 20230906170841.0
007 t|
008 040727s1965 sp ||||1| spa d
100 1 _aHäring, Bernhard.
_961847
245 1 0 _aRegulación de nacimientos
_b: un problema familiar visto por un médico y un teólogo /
_cJuan García Vicente, Bernard Haring.
260 _aMadrid :
_bPerpetuo Socorro,
_c1965.
300 _a53 p. ;
_c17 cm.
490 1 _aColección "Dos en Uno" ;
_v22
650 0 4 _aControl de natalidad-
_xAspectos religiosos.
_911339
700 1 _aHäring, Bernhard.
_961847
830 0 _aColección "Dos en Uno" ;
_v22
_9183587
852 _aES-MaACL
_j2041-F-10
_bR.56737
999 _c70543
_d70543